| 000 | 00631nam a2200205Ia 4500 | ||
|---|---|---|---|
| 005 | 20250508151849.0 | ||
| 008 | 008 250505s9999 xx 000 0 eng d | ||
| 037 | _aTextual | ||
| 040 |
_aFEDL _beng _cFEDL |
||
| 041 |
_aeng _2eng |
||
| 084 |
_a301, TAB _qFEDL |
||
| 100 | _aTaba Hilda | ||
| 245 | 0 | _aWith perspetive on human relations: A study of peer group dynamics in and eighth grade | |
| 260 |
_aWashington, USA _bAmerican Council on Education _c1955 |
||
| 300 | _axiii,155p | ||
| 490 | _aStudies in inter group relations | ||
| 650 | _aSociology | ||
| 942 |
_cTEXL _h301, TAB |
||
| 999 |
_c1332570 _d1332570 |
||